书目信息 |
| 题名: |
火力凶猛机枪大调查
|
|
| 作者: | 崔钟雷 , 崔钟雷 主编 | |
| 分册: | ||
| 出版信息: | 沈阳 万卷出版公司 2010 |
|
| 页数: | 120页 | |
| 开本: | 22cm | |
| 丛书名: | 科学新视野 | |
| 单 册: | ||
| 中图分类: | E922.14 , E922.1 | |
| 科图分类: | ||
| 主题词: | 机枪--ji qiang--世界--青年读物 | |
| 电子资源: | ||
| ISBN: | 978-7-5470-0999-4 | |
| 000 | 01027nam 2200301 450 | |
| 001 | 2373838930 | |
| 005 | 20231109091603.72 | |
| 010 | @a978-7-5470-0999-4@dCNY29.80 | |
| 100 | @a20101019d2010 a y0chiy50 ea | |
| 101 | 0 | @achi |
| 102 | @aCN@b210000 | |
| 105 | @aa z 000yy | |
| 200 | 1 | @a火力凶猛机枪大调查@Ahuo li xiong meng ji qiang da diao cha@f崔钟雷主编 |
| 210 | @a沈阳@c万卷出版公司@d2010 | |
| 215 | @a120页@c彩图@d22cm | |
| 225 | 2 | @a科学新视野@Ake xue xin shi ye |
| 225 | 2 | @a知书达礼典藏@Azhi shu da li dian cang |
| 314 | @a版权页题: 崔钟雷主编 | |
| 330 | @a本书主要内容包括: 美国M249轻机枪 ; 美国 斯通纳63型系列机枪 ; 德国HK MG4轻机枪 ; 比利时Mk48 MOD0轻机枪 ; 以色列IMI内盖夫 轻机枪等。 | |
| 410 | 0 | @12001 @a科学新视野 |
| 410 | 0 | @12001 @a知书达礼典藏 |
| 606 | 0 | @a机枪@Aji qiang@y世界@j青年读物 |
| 690 | @aE922.14@v5 | |
| 690 | @aE922.1@v4 | |
| 701 | 0 | @a崔钟雷@Acui zhong lei@4主编 |
| 701 | 0 | @a崔钟雷@Acui zhong lei@4主编 |
| 801 | 0 | @aCN@b山东中教@c20230926 |
| 905 | @aBZT@dE922.1@e6 | |
| 火力凶猛机枪大调查/崔钟雷主编.-沈阳:万卷出版公司,2010 |
| 120页:彩图;22cm.-(科学新视野).-(知书达礼典藏) |
| ISBN 978-7-5470-0999-4:CNY29.80 |
| 本书主要内容包括: 美国M249轻机枪 ; 美国 斯通纳63型系列机枪 ; 德国HK MG4轻机枪 ; 比利时Mk48 MOD0轻机枪 ; 以色列IMI内盖夫 轻机枪等。 |
| ● |
| 相关链接 |
|
|
|
正题名:火力凶猛机枪大调查
索取号:E922.1/6
 
预约/预借
| 序号 | 登录号 | 条形码 | 馆藏地/架位号 | 状态 | 备注 |
| 1 | 2000966037 | 2000966037 | 315书库/四5架B面3层1列/ [索取号:E922.1/6] | 在馆 | |
| 2 | 2000966038 | 2000966038 | 315书库/四5架B面3层1列/ [索取号:E922.1/6] | 在馆 | |
| 3 | 2000966039 | 2000966039 | 315书库/四5架B面3层1列/ [索取号:E922.1/6] | 在馆 | |
| 4 | 2000966040 | 2000966040 | 315书库/四5架B面3层1列/ [索取号:E922.1/6] | 在馆 | |
| 5 | 2000966041 | 2000966041 | 315书库/四5架B面3层1列/ [索取号:E922.1/6] | 在馆 | |
| 6 | 2000966042 | 2000966042 | 315书库/四5架B面3层1列/ [索取号:E922.1/6] | 在馆 |